000 00882nam a2200253 i 4500
001 179988
003 ES-MaACL
005 20250812085643.0
008 120312s2001 xxu |||| | spa d
020 _a0-87612-280-2
080 _a294.514
100 1 _aYogananda, Paramahansa.
_9117656
245 1 0 _aDonde brilla la luz
_b: sabiduría e inspiración para afrontar los desafíos de la vida /
_cselecciones de las enseñanzas de Paramahansa Yogananda.
250 _a1ª ed., 2ª imp.
260 _aLos Ángeles, California :
_bSelf-Realization Fellowship,
_c2001.
300 _a261 p. :
_b1 retr. ;
_c20 cm.
500 _aGlosario.
500 _aÍndice.
650 4 _aVida espiritual-
_xHinduismo
_912506
650 4 _aMeditación.
_914982
852 _aES-MaACL
_jA-12030
_9186895
_bR.146854
_cDEPO1
_dOlim: N-5035
942 _2udc
_cMONOGRAFIA
999 _c179988
_d179988